[Event "Catalunya-chT Gp1"]
[Site "Barcelona"]
[Date "2025.01.25"]
[Round "2.4"]
[White "Masague Artero, Guerau"]
[Black "Bofill Mas, Alejandro"]
[Result "1/2-1/2"]
[WhiteElo "2294"]
[BlackElo "2283"]
[PlyCount "79"]
[EventDate "2025.01.18"]
[EventType "team-tourn"]
[EventRounds "5"]
[EventCountry "ESP"]
[SourceTitle "CB07_2025"]
[SourceDate "2025.02.12"]
[SourceVersion "1"]
[SourceVersionDate "2025.02.12"]
[SourceQuality "1"]
[WhiteTeam "Barcelona Escacs CC"]
[BlackTeam "Figueres"]
[WhiteTeamCountry "ESP"]
[BlackTeamCountry "ESP"]

1. c4 c5 2. Nc3 g6 3. g3 Bg7 4. Bg2 Nc6 5. d3 e6 6. Bf4 d6 7. Nf3 h6 8. Qc1 Nge7 9. h4 b6 10. 0-0 Bb7 11. a3 Qd7 12. e4 Ne5 13. Nxe5 dxe5 14. Be3 Nc6 15. Rd1 Qe7 16. Rb1 Rd8 17. b4 Nd4 18. Bxd4 cxd4 19. Na2 h5 20. b5 Bh6 21. Qb2 g5 22. hxg5 Qxg5 23. Qe2 Rg8 24. Qf3 h4 25. gxh4 Qxh4 26. Kf1 Qh2 27. Bh3 Be3 28. Ke2 Bh6 29. Nb4 Rc8 30. Bxe6 fxe6 31. Rh1 Qf4 32. Qh5+ Ke7 33. Qxh6 Qg4+ 34. Kd2 Rcf8 35. Rbf1 Kd6 36. Qh4 Qf3 37. Ke1 Rg4 38. Qh3 Bxe4 39. Qxf3 Bxf3 40. Rh7 1/2-1/2

[Event "Titled Tuesday intern op 07th Jan Early"]
[Site "Chess.com INT"]
[Date "2025.01.07"]
[Round "11"]
[White "Hajiyev, Kanan"]
[Black "Masague Artero, Guerau"]
[Result "0-1"]
[WhiteElo "2160"]
[BlackElo "2294"]
[PlyCount "114"]
[EventDate "2025.01.07"]
[EventType "swiss (blitz)"]
[EventRounds "11"]
[EventCountry "USA"]
[SourceTitle "CB03_2025"]
[SourceDate "2025.01.15"]
[SourceVersion "1"]
[SourceVersionDate "2025.01.15"]
[SourceQuality "1"]

1. b3 Nf6 2. Bb2 d5 3. Nf3 e6 4. e3 Bd6 5. Be2 0-0 6. 0-0 c5 7. c4 Nc6 8. d4 cxd4 9. Nxd4 a6 10. Nc3 Nxd4 11. Qxd4 e5 12. Qh4 d4 13. exd4 exd4 14. Nd5 Nxd5 15. Qxd8 Rxd8 16. cxd5 Bf5 17. Bxd4 Be4 18. Rad1 Bxd5 19. Bb6 Rd7 20. Bg4 Be6 21. Bxe6 fxe6 22. Rd4 Rc8 23. Rfd1 Rc6 24. Ba7 Rd8 25. g3 Kf7 26. Bb8 Rxb8 27. Rxd6 Rc2 28. Rd7+ Kf6 29. a4 Rc3 30. R1d4 g5 31. Rxh7 Rxb3 32. Rh6+ Ke5 33. Rg4 Kf5 34. Rc4 Rd8 35. g4+ Ke5 36. Rc5+ Rd5 37. Rxd5+ exd5 38. Rg6 Kf4 39. h3 Kf3 40. Rxg5 Rb1+ 41. Kh2 d4 42. Rd5 Rd1 43. g5 Rd2 44. h4 Rxf2+ 45. Kh3 Rg2 46. h5 Rg3+ 47. Kh4 Rg4+ 48. Kh3 Rg3+ 49. Kh2 Rg2+ 50. Kh1 Rg4 51. h6 Ke4 52. Ra5 d3 53. h7 d2 54. Re5+ Kf4 55. h8Q d1Q+ 56. Kh2 Qg1+ 57. Kh3 Qg3# 0-1

[Event "Titled Tuesday intern op 07th Jan Early"]
[Site "Chess.com INT"]
[Date "2025.01.07"]
[Round "10"]
[White "Masague Artero, Guerau"]
[Black "Maksimovic, Bojan"]
[Result "0-1"]
[WhiteElo "2294"]
[BlackElo "2505"]
[PlyCount "90"]
[EventDate "2025.01.07"]
[EventType "swiss (blitz)"]
[EventRounds "11"]
[EventCountry "USA"]
[SourceTitle "CB03_2025"]
[SourceDate "2025.01.15"]
[SourceVersion "1"]
[SourceVersionDate "2025.01.15"]
[SourceQuality "1"]

1. b3 Nf6 2. Bb2 g6 3. d4 Bg7 4. e3 0-0 5. Nf3 d6 6. Be2 c5 7. 0-0 Nc6 8. c4 cxd4 9. Nxd4 Bd7 10. Nc3 Nxd4 11. exd4 Rc8 12. Re1 Re8 13. Bf3 Bc6 14. d5 Bd7 15. h3 Qa5 16. a4 Bf5 17. Nb5 a6 18. Bc3 Qb6 19. a5 Qd8 20. Nd4 Bd7 21. Qd2 Rc7 22. Re2 Bc8 23. Rae1 Nd7 24. Nc2 Bxc3 25. Qxc3 Ne5 26. Be4 Rc5 27. f4 Nd7 28. b4 Rc7 29. Nd4 Nf6 30. Bf3 Bd7 31. c5 Bc8 32. c6 bxc6 33. Nxc6 e6 34. Qd4 Rxc6 35. dxc6 d5 36. Qb6 Qd6 37. Qd4 Kg7 38. g4 h6 39. g5 hxg5 40. fxg5 Qg3+ 41. Bg2 Qxg5 42. Re5 Qh6 43. Rf1 Rh8 44. Rh5 gxh5 45. Qxf6+ Qxf6 0-1

[Event "Titled Tuesday intern op 07th Jan Early"]
[Site "Chess.com INT"]
[Date "2025.01.07"]
[Round "9"]
[White "Masague Artero, Guerau"]
[Black "Smieszek, Wojciech"]
[Result "1-0"]
[WhiteElo "2294"]
[BlackElo "2141"]
[PlyCount "108"]
[EventDate "2025.01.07"]
[EventType "swiss (blitz)"]
[EventRounds "11"]
[EventCountry "USA"]
[SourceTitle "CB03_2025"]
[SourceDate "2025.01.15"]
[SourceVersion "1"]
[SourceVersionDate "2025.01.15"]
[SourceQuality "1"]

1. b3 e5 2. Bb2 Nc6 3. e3 Nf6 4. Bb5 Bd6 5. Na3 a6 6. Be2 b5 7. c4 b4 8. Nc2 Bb7 9. Nf3 0-0 10. 0-0 e4 11. Nfd4 Ne5 12. Nf5 Nd3 13. Nxd6 cxd6 14. Bxd3 exd3 15. Nxb4 Be4 16. f3 Bg6 17. Qc1 a5 18. Bxf6 Qxf6 19. Nd5 Qe5 20. Qc3 a4 21. Nb6 Qxc3 22. dxc3 axb3 23. Nxa8 b2 24. Rab1 Rb8 25. Nc7 d2 26. e4 f5 27. Nb5 fxe4 28. fxe4 Bxe4 29. Rxb2 Bd3 30. Rxd2 Bxc4 31. Nxd6 Bxf1 32. Kxf1 Rb1+ 33. Kf2 Rc1 34. c4 Kf8 35. Re2 g6 36. Re8+ Kg7 37. Re7+ Kf6 38. Rxh7 Ke6 39. Ne4 Rxc4 40. Ng5+ Kf5 41. Nf3 Rc2+ 42. Kg3 Rxa2 43. Rxd7 Ra3 44. Rd5+ Kf6 45. Rb5 Rc3 46. h4 Ra3 47. Kh3 Rc3 48. Rb4 Ra3 49. Kg4 Kg7 50. g3 Ra5 51. Ng5 Kh6 52. Rb7 Ra4+ 53. Kh3 Rxh4+ 54. gxh4 Kh5 1-0

[Event "Titled Tuesday intern op 07th Jan Early"]
[Site "Chess.com INT"]
[Date "2025.01.07"]
[Round "3"]
[White "Masague Artero, Guerau"]
[Black "Yoo, Christopher Woojin"]
[Result "0-1"]
[WhiteElo "2294"]
[BlackElo "2588"]
[PlyCount "94"]
[EventDate "2025.01.07"]
[EventType "swiss (blitz)"]
[EventRounds "11"]
[EventCountry "USA"]
[SourceTitle "CB03_2025"]
[SourceDate "2025.01.15"]
[SourceVersion "1"]
[SourceVersionDate "2025.01.15"]
[SourceQuality "1"]

1. c4 g6 2. Nc3 Bg7 3. Nf3 c5 4. e3 Nf6 5. d4 cxd4 6. exd4 d5 7. cxd5 Nxd5 8. Bc4 Nxc3 9. bxc3 0-0 10. 0-0 Nc6 11. h3 b6 12. Re1 Bb7 13. Bb3 Rc8 14. Bg5 h6 15. Bh4 Qd6 16. Qd2 e5 17. Bg3 Rfd8 18. Rad1 Ba6 19. d5 Qc5 20. Nxe5 Nxe5 21. Bxe5 Bxe5 22. Rxe5 Qxc3 23. Qxc3 Rxc3 24. Re7 Bc4 25. Bxc4 Rxc4 26. Rxa7 Rc5 27. d6 Rc6 28. d7 Kf8 29. Rb7 Rc2 30. Rxb6 Rxa2 31. Rb7 Ra6 32. g3 Ke7 33. Kg2 Rd6 34. Rxd6 Kxd6 35. h4 Rxd7 36. Rxd7+ Kxd7 37. Kf3 Ke6 38. Ke3 Kf5 39. Kf3 h5 40. Kg2 Ke4 41. Kg1 Kf3 42. Kf1 f5 43. Kg1 f4 44. Kh2 Kxf2 45. gxf4 Kf3 46. Kh3 Kxf4 47. Kg2 Kg4 0-1

[Event "Titled Tuesday intern op 07th Jan Early"]
[Site "Chess.com INT"]
[Date "2025.01.07"]
[Round "4"]
[White "Srebrnic, Marko"]
[Black "Masague Artero, Guerau"]
[Result "1-0"]
[WhiteElo "2338"]
[BlackElo "2294"]
[PlyCount "91"]
[EventDate "2025.01.07"]
[EventType "swiss (blitz)"]
[EventRounds "11"]
[EventCountry "USA"]
[SourceTitle "CB03_2025"]
[SourceDate "2025.01.15"]
[SourceVersion "1"]
[SourceVersionDate "2025.01.15"]
[SourceQuality "1"]

1. e4 e5 2. Nc3 Nf6 3. Bc4 d6 4. d3 Be7 5. f4 exf4 6. Bxf4 c6 7. Bb3 Na6 8. a3 d5 9. e5 Nd7 10. Nf3 Nac5 11. Ba2 Ne6 12. Bg3 Qb6 13. b4 Qe3+ 14. Qe2 Qxe2+ 15. Nxe2 a5 16. b5 Ndc5 17. 0-0 0-0 18. bxc6 bxc6 19. Ned4 Nxd4 20. Nxd4 Bd7 21. Rab1 Rab8 22. e6 Rxb1 23. exf7+ Rxf7 24. Rxb1 Rf8 25. Re1 Bf6 26. Nf3 Na4 27. c4 Nc3 28. Bb3 a4 29. Bc2 Bf5 30. cxd5 cxd5 31. Be5 Rc8 32. Bxf6 gxf6 33. Nd4 Bg6 34. Kf2 Nb5 35. Nxb5 Rxc2+ 36. Re2 Bxd3 37. Rxc2 Bxc2 38. Nd4 Bb3 39. Ke3 Bc4 40. Kf4 Kf7 41. g4 Bd3 42. h4 Kg6 43. Ne6 Kf7 44. Nd4 Be4 45. Nb5 h6 46. Nc3 1-0

[Event "Barcelona Navidad IM2"]
[Site "Barcelona"]
[Date "2024.12.27"]
[Round "2"]
[White "Cruz Estrada, Filemon"]
[Black "Masague Artero, Guerau"]
[Result "1/2-1/2"]
[WhiteElo "2234"]
[BlackElo "2265"]
[PlyCount "51"]
[EventDate "2024.12.26"]
[EventType "tourn"]
[EventRounds "9"]
[EventCountry "ESP"]
[SourceTitle "CB01_2025"]
[SourceDate "2025.01.01"]
[SourceVersion "1"]
[SourceVersionDate "2025.01.01"]
[SourceQuality "1"]

1. Nf3 d5 2. g3 Nc6 3. Bg2 e5 4. d3 f6 5. 0-0 Be6 6. e4 d4 7. Nh4 Nge7 8. f4 exf4 9. gxf4 Qd7 10. a3 0-0-0 11. b4 g5 12. fxg5 fxg5 13. Bxg5 Rg8 14. Bf4 Ng6 15. Nxg6 Rxg6 16. b5 Qg7 17. bxc6 Rxg2+ 18. Kh1 Bd6 19. Qf3 Rg8 20. Nd2 Rxh2+ 21. Bxh2 Bxh2 22. Rf2 Be5 23. Qh5 Bg4 24. Qh4 bxc6 25. Rg1 h5 26. Rff1 1/2-1/2

[Event "Barcelona Navidad IM2"]
[Site "Barcelona"]
[Date "2024.12.27"]
[Round "3"]
[White "Masague Artero, Guerau"]
[Black "Cruz, Jonathan"]
[Result "1-0"]
[WhiteElo "2265"]
[BlackElo "2342"]
[PlyCount "95"]
[EventDate "2024.12.26"]
[EventType "tourn"]
[EventRounds "9"]
[EventCountry "ESP"]
[SourceTitle "CB01_2025"]
[SourceDate "2025.01.01"]
[SourceVersion "1"]
[SourceVersionDate "2025.01.01"]
[SourceQuality "1"]

1. c4 Nf6 2. Nc3 c5 3. Nf3 g6 4. e4 Bg7 5. d4 cxd4 6. Nxd4 0-0 7. Be2 Nc6 8. Be3 b6 9. Qd2 Bb7 10. f3 Rc8 11. 0-0 d6 12. Rfd1 Qd7 13. Rac1 Rfd8 14. Ndb5 Qe8 15. Nd5 Qd7 16. Bg5 Ne8 17. Bf1 f6 18. Bh4 e6 19. Ndc3 Qf7 20. Qf2 Rd7 21. Rc2 Bh6 22. f4 g5 23. Bg3 gxf4 24. Bxf4 Bxf4 25. Qxf4 Rcd8 26. Rcd2 Qe7 27. Rf2 Kh8 28. Qh4 Qg7 29. Qh3 Qe7 30. Ne2 Ne5 31. Nf4 Ng7 32. Nd4 Re8 33. Re1 Qf7 34. Re3 f5 35. Be2 Qf6 36. exf5 exf5 37. Nh5 Nxh5 38. Bxh5 Nf3+ 39. Qxf3 Bxf3 40. Rxe8+ Kg7 41. Ne6+ Kh6 42. Rxf3 Qxb2 43. Nf4 Qd4+ 44. Kf1 Qxc4+ 45. Kf2 Qxa2+ 46. Re2 Qc4 47. Re6+ Kg5 48. Nh3+ 1-0

[Event "Barcelona Navidad IM2"]
[Site "Barcelona"]
[Date "2024.12.26"]
[Round "1"]
[White "Masague Artero, Guerau"]
[Black "Abreu Sanchez, Leonel Jesus"]
[Result "1-0"]
[WhiteElo "2265"]
[BlackElo "1857"]
[PlyCount "93"]
[EventDate "2024.12.26"]
[EventType "tourn"]
[EventRounds "9"]
[EventCountry "ESP"]
[SourceTitle "CB01_2025"]
[SourceDate "2025.01.01"]
[SourceVersion "1"]
[SourceVersionDate "2025.01.01"]
[SourceQuality "1"]

1. Nf3 Nf6 2. c4 e6 3. b3 d5 4. Bb2 Bd6 5. e3 0-0 6. Nc3 c6 7. d4 Nbd7 8. Be2 Qa5 9. 0-0 e5 10. dxe5 Nxe5 11. cxd5 cxd5 12. Nb5 Nxf3+ 13. gxf3 Be7 14. Kh1 Bf5 15. Nd4 Bg6 16. a3 Rac8 17. f4 h6 18. Bd3 Bh5 19. f3 Ne4 20. Nf5 Bf6 21. Bxf6 Nxf6 22. Ne7+ Kh8 23. Nxc8 Rxc8 24. Bf5 Re8 25. Qd4 Qb5 26. Bd3 Qa5 27. b4 Qa4 28. Kg2 Qd7 29. Qxa7 Ne4 30. Qd4 Nd2 31. Bb5 Qxb5 32. Qxd2 d4 33. e4 f5 34. Qxd4 fxe4 35. fxe4 Qe2+ 36. Rf2 Qg4+ 37. Kh1 Qh3 38. Raf1 Rc8 39. Rg2 Bg4 40. Qf2 Rc3 41. Kg1 Rxa3 42. Rg3 Rxg3+ 43. Qxg3 Qh5 44. f5 Be2 45. f6 gxf6 46. Rxf6 Bg4 47. Qb8+ 1-0

[Event "ESP-ch 89th"]
[Site "Marbella"]
[Date "2024.12.17"]
[Round "7"]
[White "Masague Artero, Guerau"]
[Black "Santos Martinez, Guillermo"]
[Result "1-0"]
[WhiteElo "2265"]
[BlackElo "2072"]
[PlyCount "73"]
[EventDate "2024.12.11"]
[EventType "swiss"]
[EventRounds "9"]
[EventCountry "ESP"]
[SourceTitle "CB52_2024"]
[SourceDate "2024.12.25"]
[SourceVersion "1"]
[SourceVersionDate "2024.12.25"]
[SourceQuality "1"]

1. c4 e6 2. Nc3 d5 3. d4 Nf6 4. cxd5 exd5 5. Bg5 c6 6. e3 h6 7. Bh4 Be7 8. Bd3 0-0 9. Bg3 Re8 10. Nf3 Bg4 11. h3 Bh5 12. Bh2 Bd6 13. g4 Bxh2 14. Rxh2 Bg6 15. Bxg6 fxg6 16. g5 Ne4 17. gxh6 gxh6 18. Rg2 Kh7 19. Nxe4 dxe4 20. Ne5 Nd7 21. Nxg6 Qa5+ 22. Qd2 Qxd2+ 23. Kxd2 c5 24. Rag1 cxd4 25. exd4 Rad8 26. Nh4 Nb6 27. Rg7+ Kh8 28. R7g6 Rxd4+ 29. Ke2 Rd7 30. Rxh6+ Rh7 31. Ng6+ Kg7 32. Nf4+ Kh8 33. Rxh7+ Kxh7 34. Rc1 Re7 35. Ke3 Kg7 36. b3 Kf7 37. a4 1-0

[Event "ESP-ch 89th"]
[Site "Marbella"]
[Date "2024.12.16"]
[Round "6"]
[White "Perez Candelario, Manuel"]
[Black "Masague Artero, Guerau"]
[Result "1-0"]
[WhiteElo "2576"]
[BlackElo "2265"]
[PlyCount "67"]
[EventDate "2024.12.11"]
[EventType "swiss"]
[EventRounds "9"]
[EventCountry "ESP"]
[SourceTitle "CB52_2024"]
[SourceDate "2024.12.25"]
[SourceVersion "1"]
[SourceVersionDate "2024.12.25"]
[SourceQuality "1"]

1. e4 e5 2. Nf3 Nc6 3. Nc3 Nf6 4. Bb5 Bb4 5. 0-0 0-0 6. d3 Bxc3 7. bxc3 d6 8. Bg5 h6 9. Bh4 Bd7 10. Rb1 Re8 11. Ba4 b6 12. c4 Ne7 13. Bxd7 Nxd7 14. Bxe7 Qxe7 15. g3 Rf8 16. Nh4 g6 17. Qg4 h5 18. Qh3 Nf6 19. Ng2 Kg7 20. Ne3 Qd7 21. Qxd7 Nxd7 22. f4 c6 23. f5 Nf6 24. a4 Rab8 25. a5 bxa5 26. Ra1 Rb7 27. Rxa5 Rfb8 28. Ra6 Rc7 29. fxg6 fxg6 30. c5 dxc5 31. Rxf6 Kxf6 32. Nd5+ Ke6 33. Nxc7+ Kd6 34. Nd5 1-0